| 000 | 00581na a2200217 4500 | ||
|---|---|---|---|
| 001 | 19918 | ||
| 003 | MIRAKIL | ||
| 005 | 20181213154905.0 | ||
| 008 | 161228b tu 000 0 | ||
| 020 | _a9280634720 | ||
| 040 |
_aMilas _btur _cTR-AnCHP |
||
| 041 | _aeng | ||
| 082 |
_a362 _bP66 1999 |
||
| 090 | _a362 P66 1999 | ||
| 245 |
_aThe progress of nations 1999 _cUNICEF |
||
| 260 |
_aNew York _bUNICEF _c1999 |
||
| 300 |
_av, 38 s. _bres.; tbl.; grf. _c30 sm. |
||
| 650 |
_aToplumsal refah _xUluslar |
||
| 710 | _aUnited Nations Children's Fund (UNICEF) | ||
| 942 |
_2dcc _cBKS |
||
| 999 |
_c2660 _d2660 |
||